00153nam a2200061Ia 4500008004100000100002100041245002900062120527s9999 xx 000 0 und d aStull, T. Adnrew aBiologyy on the internet